Managerial macroeconomics : (Record no. 472)
[ view plain ]
| 000 -LEADER | |
|---|---|
| fixed length control field | 02136nam a2200289 a 4500 |
| 001 - CONTROL NUMBER | |
| control field | 3843243 |
| 005 - DATE AND TIME OF LATEST TRANSACTION | |
| control field | 20210414113910.0 |
| 008 - FIXED-LENGTH DATA ELEMENTS--GENERAL INFORMATION | |
| fixed length control field | 870403s1988 ilua b 001 0 eng |
| 010 ## - LIBRARY OF CONGRESS CONTROL NUMBER | |
| LC control number | 87080950 |
| 020 ## - INTERNATIONAL STANDARD BOOK NUMBER | |
| International Standard Book Number | 0256060002 |
| 040 ## - CATALOGING SOURCE | |
| Original cataloging agency | DLC |
| Transcribing agency | DLC |
| Modifying agency | DLC |
| 043 ## - GEOGRAPHIC AREA CODE | |
| Geographic area code | n-cn--- |
| 050 00 - LIBRARY OF CONGRESS CALL NUMBER | |
| Classification number | HD30.22.D35 |
| 082 00 - DEWEY DECIMAL CLASSIFICATION NUMBER | |
| Classification number | 339/.024658 |
| Edition number | 19 |
| 100 1# - MAIN ENTRY--PERSONAL NAME | |
| Personal name | Daly, D. J. |
| Fuller form of name | (Donald James), |
| Dates associated with a name | 1922- |
| 245 10 - TITLE STATEMENT | |
| Title | Managerial macroeconomics : |
| Remainder of title | a Canadian perspective / |
| Statement of responsibility, etc. | Donald J. Daly. |
| 260 ## - PUBLICATION, DISTRIBUTION, ETC. | |
| Place of publication, distribution, etc. | Homewood, Ill. : |
| Name of publisher, distributor, etc. | Irwin, |
| Date of publication, distribution, etc. | 1988. |
| 300 ## - PHYSICAL DESCRIPTION | |
| Extent | xvi, 383 p. : |
| Other physical details | ill. ; |
| Dimensions | 25 cm. |
| 500 ## - GENERAL NOTE | |
| General note | Includes bibliographical references and index. |
| 505 ## - FORMATTED CONTENTS NOTE | |
| Formatted contents note | Contents: Macroeconomics and managerial decision making -- The Measurement of national output and prices -- Macroeconomic experience in North America -- Long-run economic growth: Natural resources and economic growth -- Labour and capital in economic growth -- Output per unit of input and economic growth -- Consumption, investment and business cycles: The Demand side: An Overview -- Consumption -- Investment and the multiplier -- Business cycles and demand instability -- Money, the price level, and interest rates: Money and interest rates: An Overview -- The Supply of money -- The Price level, interest rates and monetary policy -- The Role of government: Government expenditure and taxes -- Government deficits, debt and financing -- International trade and exchange rates: International trade and comparative advantage -- Balance of payments and international capital flows -- Instability in the international financial system -- International trade in manufactured products -- Public policies for growth and stability: The Sources of instability and guiding principles for public policy -- Implications for business decisions: Macroeconomic developments and business decision making -- Glossary of major terms and concepts. |
| 650 #0 - SUBJECT ADDED ENTRY--TOPICAL TERM | |
| Topical term or geographic name entry element | Managerial economics |
| Geographic subdivision | Canada. |
| 650 #0 - SUBJECT ADDED ENTRY--TOPICAL TERM | |
| Topical term or geographic name entry element | Management |
| Geographic subdivision | Canada |
| General subdivision | Decision making. |
| 650 #0 - SUBJECT ADDED ENTRY--TOPICAL TERM | |
| Topical term or geographic name entry element | Macroeconomics. |
| 906 ## - LOCAL DATA ELEMENT F, LDF (RLIN) | |
| a | 7 |
| b | cbc |
| c | orignew |
| d | 2 |
| e | opcn |
| f | 19 |
| g | y-gencatlg |
| 942 ## - ADDED ENTRY ELEMENTS (KOHA) | |
| Source of classification or shelving scheme | Library of Congress Classification |
| Koha item type | Books |
| Withdrawn status | Lost status | Source of classification or shelving scheme | Damaged status | Not for loan | Home library | Current library | Shelving location | Date acquired | Total Checkouts | Full call number | Barcode | Date last seen | Price effective from | Koha item type |
|---|---|---|---|---|---|---|---|---|---|---|---|---|---|---|
| Library of Congress Classification | WISCONSIN INTERNATIONAL UNIVERSITY COLLEGE, GHANA - MAIN LIBRARY | WISCONSIN INTERNATIONAL UNIVERSITY COLLEGE, GHANA - MAIN LIBRARY | General Stacks | 25/01/2012 | HD30.22.D35 | 1183/11 | 25/01/2012 | 25/01/2012 | Books |
